MDQL
is popping MORE tags! Check the
thread
!
Quizzes
Events
Quiz Creation
Community
Videos
Private Events
Remove Ads
Sign In
Join for FREE
Feedback
Dark Mode
Quiz Categories
Sports
Geography
Music
Movies
Television
Just For Fun
Miscellaneous
History
Literature
Language
Science
Gaming
Entertainment
Religion
Holiday
For Kids
Quiz Lab
Recent
Popular Today
Quiz Kudos Today
Editor Picks
Curator Picks
Quizzes by...
Day
Popularity
Type
Ratings
Length
Year
Community
Subscriptions
Recent Discussions
Orange Saloon
Badges
Playlists
Quests
Create
Leaderboards
Showdown
Live 5
Trivia Bingo
Activity
Puzzle Library
Sporcle Events
Private Events
Virtual Trivia
Globe League
Become a Host
Pub Owners
SporcleCon
Opinionation
Our Games
Videos
Blog
Mobile Apps
Partnerships
Remove Ads and Go Orange
Feedback
Sports
Athletes
MLB
NBA
NHL
NFL
Soccer
Sports Teams
WWE
NCAA
Football
Premier League
Basketball
Baseball
Hockey
Golf
Tennis
Cricket
Rugby
Auto Racing
Olympics
World Cup
Sports
Athletes
MLB
NBA
NHL
NFL
Soccer
Sports Teams
WWE
NCAA
Football
Premier League
Basketball
Baseball
Hockey
Golf
Tennis
Cricket
Rugby
Auto Racing
Olympics
World Cup
Random Quiz
Search Sporcle
×
Quiz Lab
Quiz Lab
Sports
Country
Type in answers that appear in a list
Type in answers that appear in a list
Classic
Best Score? Go Orange.
Giro del Trentino winners Stats
Can you name the Giro del Trentino winners?
By
AhojBrowse
10m
38 Questions
61 Plays
61 Plays
61 Plays
Comments
Comments
Give Quiz Kudos
Give Quiz Kudos
-
- Ratings
hide this ad
Replay
Link that replays current quiz
Next Quiz
Link to next quiz in quiz playlist
You Got
0%
They Got
Avg Score
58%
Avg Friend Score
Upgrade to see
Score Distribution
Jump to the score distribution portion of the page
Score
0/38
Timer
10:00
0
Plays Today
Year
Winner
% Correct
2010
Alexandre Vinokourov
96.7%
2003
Gilberto Simoni
93.4%
2014
Cadel Evans
93.4%
2004
Damiano Cunego
88.5%
2006
Damiano Cunego
88.5%
2007
Damiano Cunego
88.5%
2009
Ivan Basso
85.2%
2008
Vincenzo Nibali
83.6%
2013
Vincenzo Nibali
83.6%
2015
Richie Porte
83.6%
1990
Gianni Bugno
78.7%
1962
Enzo Moser
77%
1980
Francesco Moser
77%
1983
Francesco Moser
77%
1998
Paolo Savoldelli
77%
1999
Paolo Savoldelli
77%
1982
Giuseppe Saronni
68.9%
2011
Michele Scarponi
68.9%
1992
Claudio Chiappucci
67.2%
Year
Winner
% Correct
2001
Francesco Casagrande
67.2%
2002
Francesco Casagrande
67.2%
2012
Domenico Pozzovivo
60.7%
1994
Moreno Argentin
59%
1996
Wladimir Belli
45.9%
2005
Julia Alberto Perez Cuapio
45.9%
1981
Roberto Visentini
44.3%
1993
Maurizio Fondriest
44.3%
1997
Luc Leblanc
44.3%
1979
Knut Knudsen
37.7%
1984
Franco Chioccioli
37.7%
1988
Urs Zimmermann
36.1%
1991
Leonardo Sierra
26.2%
1987
Claudio Corti
14.8%
1995
Heinz Imboden
13.1%
1985
Harald Maier
11.5%
2000
Simone Borgheresi
6.6%
1963
Guido de Rosso
3.3%
1989
Mauro-Antonio Santaromita
3.3%
Quiz Playlist
Details
Report
Send in Message
Add To Playlist
Classic:
Type in answers that appear in a list
Last Updated: Feb 16, 2017
Quiz Scoreboard
CHALLENGE
Sign Up to Join the Scoreboard
Show All
Scores
Hide
Comments
May contain spoilers
Recently Published
5x2 Blitz: Bands
by SL_Kpop136
Music
30s
Colored Red Africa Blitz
by spor1
Geography
30s
Find the 'City' Movie
by crazypaving
Movies
60s
More to Explore
Quiz From the Vault
Featured Blog Post
14 Easter Pick-up Lines to Find Eggs With
hide this ad
You Might Also Like...
Tags
Country Quiz
del
giro
Winner
Today's Top Quizzes in Sports
Browse Sports
hide this ad
Today's Top Quizzes in Country
Browse Country
Top Contributed Quizzes in Sports
1
Players with Multiple 50 Home Run Seasons
2
Who Needs Fielders?
3
Criteria MLB: Left Handed Sluggers
4
MLB Players with Two .350 Batting Average Seasons
5
Who Hit More Homers?
6
2020 F1 Drivers Logic Puzzle
7
NBA Teammate Connections
8
Premier League Clubs since 2000 (minefield)
9
MLB Teams by First Game
10
Top 10 NHL Goal Scorers of All Time
Explore More
Trending Topics
Crossword
Disney
Kpop
Marvel
Harry Potter
Anime
NBA
Country
Pokémon
WWE
The Office
Soccer
NFL
Song
Puzzle
hide this ad
More By:
AhojBrowse
Quiz
Plays
Rating
Category
Featured
Created
Tour de France Stage winners (2000-2010)
1,973
4.63
Sports
Jan 4, 2010
Giro d'Italia Stage Winners (2000-2010)
513
5.00
Sports
May 7, 2011
Tour de Romandie winners
74
5.00
Sports
Apr 28, 2015
Giro del Trentino winners
61
5.00
Sports
Apr 28, 2015
Go to Creator's Profile
Score Distribution
Quiz Creator Spotlight
AhojBrowse
Follow
Send a Message
Quizzes Created
-
Created Quiz Play Count
-
More By This Creator
Popular Quizzes Today
1
Find the 'City' Movie
2
5x2 Blitz: Bands
3
Colored Red Africa Blitz
4
The Countries of the World
5
Find the US States - No Outlines Minefield
6
Find the US States
7
9x9 Crossword: Cartoon Network
8
US States
More Sports Quizzes
Progressively Longer Argentina Players
Curator's Pick
Trending Quizzes
Colored Red Africa Blitz II
Colored Red Europe Blitz I
Colored Red Africa Blitz III
Colored Red Europe Blitz II
Colored Red Europe Blitz III
Recently Updated
Champions League XIs: Real Madrid
pecheneg
Largest US Cities 1790-2010
pecheneg
Rides in Walt Disney World
pecheneg
Most Oscar Losses (Acting)
pecheneg
Beyoncé Albums
pecheneg
Leaping Animals
pecheneg
Reality TV Shows (A-Z)
bhenderson79
Rickey Henderson's Hall of Fame Teammates
pecheneg
Champions League XIs: Arsenal
pecheneg
Quick Pick: Celebrities in WWE's Hall of Fame
aduchscher
Trending Topics
Marvel
Kpop
NBA
Harry Potter
Anime
Disney
Crossword
Country
Pokémon
Puzzle
The Office
NFL
Soccer
WWE
Song
Your Account Isn't Verified!
In order to create a playlist on Sporcle, you need to verify the email address you used during registration. Go to your
Sporcle Settings
to finish the process.
Report this User
Report this user for behavior that violates our
Community Guidelines
.
Details:
Send Report
Go to the Sporcle.com Mobile Site →
Comments